000 00552nam a2200169 i 4500
001 62941
003 ES-MaACL
005 20240511063022.0
007 t|
008 031127s1916 sp ||||1| spa d
100 1 _aFernández Navarro, Lucas,
_d1869-1930
_949953
245 1 0 _aPaleogeografía
_b: historia geológica de la Península Ibérica /
_cpor Lucas Fernández Navarro.
260 _a[Madrid :
_bs.n.],
_c1916 (
_fImp. Clásica Española)
300 _a238 p. :
_bil. ;
_c17 cm.
852 _aES-MaACL
_jD-349
999 _c62941
_d62941